[Event "Wch U12"]
[Site "Montesilvano"]
[Date "2024.11.26"]
[Round "11"]
[White "Belyaletdinov, Leonard"]
[Black "Mamarasulov, Husan"]
[Result "1-0"]
[WhiteElo "1903"]
[BlackElo "1407"]
[PlyCount "91"]
[EventDate "2024.11.15"]
[EventType "swiss"]
[EventRounds "11"]
[EventCountry "ITA"]
[SourceTitle "CB48_2024"]
[SourceDate "2024.11.28"]
[SourceVersion "1"]
[SourceVersionDate "2024.11.28"]
[SourceQuality "1"]

1. e4 c5 2. Nf3 Nc6 3. Bb5 g6 4. 0-0 Bg7 5. c3 e5 6. d3 a6 7. Ba4 Nge7 8. Bg5 h6 9. Be3 d6 10. d4 b5 11. Bc2 cxd4 12. cxd4 Bg4 13. d5 Nd4 14. Bxd4 exd4 15. Nbd2 0-0 16. h3 Bxf3 17. Nxf3 Qb6 18. Qd3 Rac8 19. Rfe1 Rc7 20. Bb3 Rfc8 21. Rad1 Rc4 22. Qd2 d3 23. Qxd3 Bxb2 24. Bxc4 bxc4 25. Qc2 c3 26. e5 Rc5 27. e6 f5 28. Qa4 Qb5 29. Qh4 Nxd5 30. e7 Qe8 31. Rxd5 Ba3 32. Rxc5 dxc5 33. Qc4+ Kh7 34. Qd5 c2 35. Qd8 Qxd8 36. exd8Q c4 37. Ne5 c3 38. Qd7+ Kh8 39. Nxg6+ Kg8 40. Re8+ Bf8 41. Kh2 c1N 42. Kg3 f4+ 43. Kxf4 Ne2+ 44. Ke5 c2 45. Kf6 c1Q 46. Qg7# 1-0

[Event "Wch U12"]
[Site "Montesilvano"]
[Date "2024.11.20"]
[Round "6"]
[White "Mamarasulov, Husan"]
[Black "Italiani, Luca"]
[Result "1-0"]
[WhiteElo "1407"]
[BlackElo "1634"]
[PlyCount "133"]
[EventDate "2024.11.15"]
[EventType "swiss"]
[EventRounds "11"]
[EventCountry "ITA"]
[SourceTitle "CB48_2024"]
[SourceDate "2024.11.28"]
[SourceVersion "1"]
[SourceVersionDate "2024.11.28"]
[SourceQuality "1"]

1. d4 Nf6 2. c4 e6 3. g3 d5 4. Bg2 Nc6 5. Nf3 Bb4+ 6. Bd2 Bxd2+ 7. Nbxd2 0-0 8. 0-0 Re8 9. Rc1 dxc4 10. Nxc4 h6 11. Nce5 Nxe5 12. dxe5 Qxd1 13. Rfxd1 Nd5 14. e4 Nb4 15. a3 Nc6 16. b4 a6 17. h3 f6 18. exf6 gxf6 19. Nd4 Nxd4 20. Rxd4 e5 21. Rd3 c6 22. f4 Be6 23. f5 Bf7 24. Rcd1 Bc4 25. Rd7 Rab8 26. R1d6 Rf8 27. Bf1 Bb3 28. Rc7 Rf7 29. Rxf7 Kxf7 30. Rd7+ Kg8 31. Kf2 Ba2 32. Ke3 Bb3 33. Kd2 Ba2 34. Kc3 h5 35. Bc4+ Bxc4 36. Kxc4 b5+ 37. Kc5 Rc8 38. Rd6 Kg7 39. Rxc6 Rxc6+ 40. Kxc6 Kh6 41. Kb6 Kg5 42. Kxa6 h4 43. gxh4+ Kxh4 44. Kxb5 Kxh3 45. a4 Kg4 46. a5 Kf4 47. a6 Kxe4 48. a7 Kd3 49. a8Q e4 50. Qd5+ Ke3 51. Kc4 Kf4 52. Kd4 e3 53. Qe4+ Kg5 54. Qxe3+ Kxf5 55. b5 Kg4 56. b6 f5 57. b7 f4 58. Qxf4+ Kxf4 59. b8Q+ Kf3 60. Qe5 Kg4 61. Qf6 Kg3 62. Qf5 Kg2 63. Qf4 Kh1 64. Qg4 Kh2 65. Ke3 Kh1 66. Kf2 Kh2 67. Qh4# 1-0